000
00323pab a2200145 454500
008
180718b1986 xxu||||| |||| 00| 0 eng d
100
_a
Amte, Baba
245
_a
Terrorism turning against terrorists
260
_c
1986
300
_a
12-4
362
_a
Oct.
650
_a
Terrorism
773
_a
Parlance
909
_a
19281
999
_c
19281
_d
19281